| 000 | 01007nas a2200265 4500 | ||
|---|---|---|---|
| 001 | BR9206084 | ||
| 003 | BR-BrBNA | ||
| 005 | 20231205092902.0 | ||
| 007 | ta | ||
| 008 | 230509b bl.|||p| |||| 00| 00por d | ||
| 040 |
_aBR-BrBNA _bpor _cBiblioteca Nacional de Agricultura |
||
| 041 | _a(En) | ||
| 072 | _aQ03 | ||
| 100 | 1 | _aAmato, J.F.R. | |
| 100 | 1 | _aSao Clemente, S.C. de | |
| 100 | 1 | _aOliveira, G.A. de | |
| 245 | 1 | _aTentacularia coryphaenae Bosc, 1801 (Eucestoda: Trypanorhyncha)in the inspection and technology of the skipjack tuna, Katsuwonus pelamis (L.)(Pisces: Scombridae) | |
| 246 | 1 | _aTentacularia coryphaenae Bosc, 1801 (Eucestoda: Trypanorhyncha)in the inspection and technology of the skipjack tuna, Katsuwonus pelamis (L.)(Pisces: Scombridae) | |
| 650 | _aBONITO | ||
| 650 | _aINSPECAO SANITARIA | ||
| 650 | _aHELMINTO | ||
| 773 | 0 |
_tAtlantica (Brazil) _xISSN 0102-1656 _g(1990), v. 12(1) p. 73-77 _wBR9206084 |
|
| 909 |
_a202311 _bLúcia _c55 _dLúcia Elande |
||
| 942 |
_2AGRIS _n0 _cANA |
||
| 999 |
_c134887 _d134887 |
||